Perfiles filosófico-políticos

Zapisane w:
Opis bibliograficzny
1. autor: Habermas, Jürgen (Autor)
Format: Książka
Język:hiszpański
Wydane: Madrid Taurus 1975
Seria:Ensayistas, 249
Hasła przedmiotowe:
Etykiety: Dodaj etykietę
Nie ma etykietki, Dołącz pierwszą etykiete!

MARC

LEADER 00000nam a2200000 a 4500
001 UCW0076
003 CL-VaPUC
008 880805e19750000SP |||||||||||||||||spa|d
082 0 4 |a 193  |b HAB  |2 21 
100 |a Habermas, Jürgen  |e author  |9 334310 
245 1 0 |a Perfiles filosófico-políticos 
300 |a 424 p 
942 |c BK 
945 |d 19880805 00:00:00 
260 |a Madrid  |b Taurus  |c 1975 
650 0 |a Filosofía alemana   |9 265002 
650 0 |a Filósofos   |9 269126 
583 |a last modification  |c 19880805 00:00:00  |k Rodrigo Vera 
490 0 |a Ensayistas, 249 
999 |c 215323  |d 215321